[Event "Women's Speed Chess Q1"]
[Site "chess.com INT"]
[Date "2020.06.18"]
[Round "4"]
[White "Gokbulut, Julia"]
[Black "Root, Alexey"]
[Result "1-0"]
[WhiteTitle "WFM"]
[BlackTitle "WIM"]
[WhiteElo "1970"]
[BlackElo "2025"]
[WhiteFideId "4153979"]
[BlackFideId "2004658"]
[EventDate "2020.06.18"]

1. d4 g6 2. c4 Bg7 3. Nc3 d6 4. e4 Nc6 5. Be3 e5 6. d5 Nce7 7. Qd2 f5 8. f3 Nf6
9. Bd3 f4 10. Bf2 c6 11. Nge2 cxd5 12. cxd5 Bd7 13. O-O O-O 14. Rac1 a6 15. a4
g5 16. b4 g4 17. b5 Ng6 18. bxa6 bxa6 19. Rb1 Bc8 20. Bb6 Qe8 21. Qe1 Rf7 22. a5
h5 23. Bc2 h4 24. Ba4 Bd7 25. Bxd7 Qxd7 26. Qd1 h3 27. Qa4 hxg2 28. Rfc1 gxf3
29. Qxd7 Rxd7 30. Ng3 fxg3 31. hxg3 Nh5 32. Kf2 Nf6 33. Kxf3 Nf4 34. gxf4 exf4
35. Kxg2 Ng4 36. Ne2 Rf7 37. Ng1 Ne3+ 38. Kf3 Bh6 39. Ne2 Rg7 40. Rg1 Rxg1 41.
Rxg1+ Kf7 42. Nxf4 Nc4 43. Rh1 Bxf4 44. Kxf4 Nxb6 45. axb6 Rb8 46. b7 Kg6 47.
Rb1 Kf6 48. Ke3 Ke7 49. Kd4 Kd7 50. e5 dxe5+ 51. Kxe5 a5 52. d6 a4 53. Kd5 a3
54. Rh1 a2 55. Rh7+ Kd8 56. Rh8+ Kd7 57. Rh7+ Kd8 58. Rh8+ Kd7 59. Rxb8 a1=Q 60.
Rd8+ Kxd8 61. b8=Q+ Kd7 62. Qc7+ Ke8 63. Qe7# 1-0

[Event "Women's Speed Chess Q1"]
[Site "chess.com INT"]
[Date "2020.06.18"]
[Round "4"]
[White "Papp, Petra"]
[Black "Vakhania, Aleksandra"]
[Result "1-0"]
[WhiteTitle "WGM"]
[BlackTitle "WIM"]
[WhiteElo "2338"]
[BlackElo "2138"]
[WhiteFideId "739049"]
[BlackFideId "13602560"]
[EventDate "2020.06.18"]

1. e4 c6 2. d4 d5 3. Nd2 g6 4. Ngf3 Bg7 5. c3 Nh6 6. Bd3 O-O 7. O-O f6 8. h4 e5
9. h5 f5 10. hxg6 fxe4 11. gxh7+ Kh8 12. Nxe4 dxe4 13. Nxe5 exd3 14. Ng6+ Kxh7
15. Nxf8+ Qxf8 16. Qxd3+ Bf5 17. Qg3 Nd7 18. Bf4 Re8 19. Rfe1 Nf6 20. Qh4 Bg6
21. Bg5 Ne4 22. Re3 Nxg5 23. Qxg5 Qf5 24. Qxf5 Nxf5 25. Rxe8 Bxe8 26. Re1 Bf7
27. g4 Nd6 28. b3 Kg8 29. Kg2 Nb5 30. Re3 Bh6 31. Rh3 Bd2 32. c4 Nd6 33. Rd3 Bc1
34. f3 Bg6 35. Rd1 Bf4 36. d5 c5 37. Re1 Kf7 38. Rh1 Bb1 39. Rxb1 b6 40. Rh1 a5
41. Rh7+ Kf6 42. Kf2 Ke5 43. Rh5+ Kd4 44. g5 Kc3 45. g6 Ne8 46. Rf5 Bh6 47. Rf7
Kb2 48. Rb7 Kxa2 49. Rxb6 Ka3 50. Kg3 Bg7 51. f4 Nf6 52. f5 Ne4+ 53. Kf4 Nd2 54.
Rb7 Bh6+ 55. Ke5 Nxb3 56. f6 Nd2 57. g7 Nxc4+ 58. Ke6 1-0

[Event "Women's Speed Chess Q1"]
[Site "chess.com INT"]
[Date "2020.06.18"]
[Round "4"]
[White "Tarasova, Viktoriya"]
[Black "Tsukerman, Julia"]
[Result "1-0"]
[WhiteTitle "WIM"]
[BlackTitle "WCM"]
[WhiteElo "2226"]
[BlackElo "1523"]
[WhiteFideId "4175840"]
[BlackFideId "2621649"]
[EventDate "2020.06.18"]

1. d4 Nf6 2. c4 e6 3. Nc3 d5 4. cxd5 exd5 5. Bg5 Be7 6. Qc2 Nbd7 7. e3 c6 8. Bd3
Nh5 9. Bxe7 Qxe7 10. Nge2 g6 11. O-O-O Nb6 12. h3 Bd7 13. g4 Ng7 14. Ng3 O-O-O
15. Rhe1 h5 16. e4 Qg5+ 17. Kb1 Kb8 18. exd5 Nxd5 19. Re5 Qf6 20. Nge4 Nxc3+ 21.
Qxc3 Qf4 22. Nc5 Ne6 23. Nxd7+ Rxd7 24. d5 Nd4 25. Re4 Qxf2 26. Qxd4 Qxd4 27.
Rxd4 cxd5 28. Bb5 Rd6 29. Rxd5 Rxd5 30. Rxd5 hxg4 31. hxg4 Rh1+ 32. Kc2 Rh4 33.
Be2 Rh2 34. Kd2 Kc7 35. Ke3 Kc6 36. Rd8 Kc7 37. Rf8 Rh7 38. Bc4 Rh3+ 39. Kf4 f5
40. Rf7+ Kb6 41. Bd5 fxg4 42. Rxb7+ Ka6 43. Rg7 Rh2 44. Rxg6+ Kb5 45. Rg8 Kc5
46. Bb3 Rxb2 47. Rxg4 a5 48. Ke3 Kb5 49. Kd3 Rf2 50. Rg5+ Kb6 51. Kc3 Rf3+ 52.
Kb2 Rf2+ 53. Ka3 Rf3 54. Rh5 Rf4 55. Kb2 Rg4 56. Rh2 Rg5 57. Ka3 Rc5 58. Ka4 Rg5
59. Rh6+ Ka7 60. Re6 Kb7 61. Bc4 Rc5 62. Bb5 Rc2 63. a3 Rc3 64. Ra6 Re3 65. Rxa5
Rd3 66. Bxd3 1-0

[Event "Women's Speed Chess Q1"]
[Site "chess.com INT"]
[Date "2020.06.18"]
[Round "4"]
[White "Dauletova, Gulmira"]
[Black "Hejazipour, Mitra"]
[Result "1-0"]
[WhiteTitle "WIM"]
[BlackTitle "WGM"]
[WhiteElo "2319"]
[BlackElo "2300"]
[WhiteFideId "13702971"]
[BlackFideId "12505951"]
[EventDate "2020.06.18"]

1. e4 c5 2. Nf3 d6 3. d4 cxd4 4. Nxd4 Nf6 5. Nc3 a6 6. g3 e5 7. Nde2 Be7 8. Bg2
b5 9. Nd5 Nxd5 10. Qxd5 Ra7 11. Be3 Be6 12. Qd2 Ra8 13. a4 Nd7 14. O-O O-O 15.
b3 Qc7 16. axb5 axb5 17. Nc3 Qb7 18. f4 b4 19. Na4 Nf6 20. f5 Bd7 21. Nb6 Rxa1
22. Rxa1 Bc6 23. Nd5 Bxd5 24. exd5 Ra8 25. Rxa8+ Qxa8 26. Qxb4 Nxd5 27. Qe1 Bd8
28. c4 Ba5 29. Qf2 Qb7 30. Bxd5 Qxb3 31. Kg2 h6 32. f6 g5 33. Qf3 Qc2+ 34. Qf2
Qd3 35. Qf3 Bd8 36. Qf2 Qg6 37. g4 Bxf6 38. Qf5 Qg7 39. Qc8+ Qf8 40. Qxf8+ Kxf8
41. Kf3 Ke7 42. Ke4 Bg7 43. Kf5 Bh8 44. Ke4 Bg7 45. Kf5 Bh8 46. Bf2 Bg7 47. Bb6
Bh8 48. c5 dxc5 49. Bxc5+ Ke8 50. Bc6+ Kd8 51. Bd6 f6 52. Bc5 Kc7 53. Bd5 Kd7
54. Be6+ Ke8 55. Bd6 Bg7 56. Bc4 Bf8 57. Bxf8 Kxf8 58. Kxf6 Ke8 59. Kxe5 Kf8 60.
Kf6 Ke8 61. Kg6 Kf8 62. Kxh6 Ke7 63. Kxg5 Kd6 64. h4 1-0

[Event "Women's Speed Chess Q1"]
[Site "chess.com INT"]
[Date "2020.06.18"]
[Round "4"]
[White "Kiolbasa, Oliwia"]
[Black "Tarini, Goyal"]
[Result "1/2-1/2"]
[WhiteTitle "WIM"]
[BlackTitle "WFM"]
[WhiteElo "2160"]
[BlackElo "2164"]
[WhiteFideId "1154613"]
[BlackFideId "5082749"]
[EventDate "2020.06.18"]

1. e4 c6 2. d4 d5 3. e5 Bf5 4. Nd2 e6 5. Nb3 c5 6. dxc5 Bxc5 7. Nxc5 Qa5+ 8. c3
Qxc5 9. Nf3 Qc7 10. Be2 Nc6 11. Bf4 Nge7 12. Nd4 Bg6 13. O-O O-O 14. Re1 a6 15.
Bg4 Nxd4 16. Qxd4 Rac8 17. Rad1 Qc4 18. h4 Qxa2 19. h5 Bc2 20. Rd2 Rc4 21. Qb6
Rxf4 22. Bxe6 fxe6 23. Qxe6+ R4f7 24. Rxc2 Qa4 25. Rce2 Qc6 26. Qxc6 Nxc6 27.
Rd1 Rd8 28. g3 Re7 29. f4 Kf7 30. Kg2 d4 31. cxd4 Rxd4 32. Rxd4 Nxd4 33. Rd2 Nc6
34. Kf3 Ke8 35. Ke4 Rd7 36. Rg2 Kf7 37. Kf5 g6+ 38. Kg5 Ne7 39. hxg6+ hxg6 40.
Rh2 Kg7 41. g4 Rd5 42. Rc2 Nc6 43. Re2 Rb5 44. Kh4 Kf7 45. Kg5 a5 46. Kh6 Rb4
47. Rf2 a4 48. f5 gxf5 49. gxf5 Nxe5 50. Re2 Nc6 51. Re6 Rb6 52. Rg6 Rb3 53.
Rg7+ Kf6 54. Rg6+ Kxf5 55. Rg5+ Ke4 56. Rg4+ Kd3 57. Rxa4 Kc2 58. Rc4+ Kxb2 59.
Kg5 Ka3 60. Kf4 Ka2 61. Kf5 Nb4 62. Ke6 b5 63. Rc5 Rb2 64. Rxb5 Nc2 65. Rxb2+
Kxb2 1/2-1/2

[Event "Women's Speed Chess Q1"]
[Site "chess.com INT"]
[Date "2020.06.18"]
[Round "4"]
[White "Tarleva, Vira"]
[Black "Mikheeva, Galina"]
[Result "1-0"]
[WhiteTitle "WFM"]
[BlackTitle "WFM"]
[WhiteElo "2030"]
[BlackElo "1901"]
[WhiteFideId "14116693"]
[BlackFideId "44108320"]
[EventDate "2020.06.18"]

1. e4 e5 2. Nf3 Nc6 3. d4 exd4 4. Bc4 Bc5 5. c3 Nf6 6. cxd4 Bb4+ 7. Bd2 Nxe4 8.
Bxb4 Nxb4 9. Bxf7+ Kxf7 10. Qb3+ d5 11. Qxb4 Rf8 12. O-O Kg8 13. Nbd2 Qd6 14.
Qxd6 cxd6 15. Rac1 Nxd2 16. Nxd2 Bf5 17. Rc7 Rf7 18. Rfc1 Raf8 19. Nf3 Bg4 20.
Rxf7 Rxf7 21. Ng5 Re7 22. f3 Bf5 23. g4 Bg6 24. Kf2 h6 25. Nh3 Be8 26. Nf4 Bc6
27. b4 a6 28. h4 Kf7 29. g5 hxg5 30. hxg5 Re8 31. Rh1 Rc8 32. Kg3 Re8 33. Kf2
Rc8 34. Rc1 Re8 35. a4 Re7 36. b5 axb5 37. axb5 Bxb5 38. Nxd5 Rd7 39. Rc8 Bc6
40. Nf4 d5 41. g6+ Ke7 42. Rg8 Kf6 43. Rf8+ Kg5 44. Rf7 b5 45. Ke3 b4 46. Rxd7
Bxd7 47. Nxd5 b3 48. Kd3 Kxg6 49. Kc3 Be6 50. Nf4+ Kf5 51. Nxe6 Kxe6 52. Kxb3
Kd5 53. Kc3 g6 54. Kd3 g5 55. Ke3 Ke6 56. Ke4 Kf6 57. d5 Ke7 58. Ke5 Kd7 59. d6
Kc6 60. Ke6 Kc5 61. d7 Kc6 62. d8=Q 1-0

[Event "Women's Speed Chess Q1"]
[Site "chess.com INT"]
[Date "2020.06.18"]
[Round "4"]
[White "Azhar, Puteri Munajjah Az-Zahraa"]
[Black "Ghomi, Parnian"]
[Result "1-0"]
[WhiteTitle "WIM"]
[BlackTitle "WCM"]
[WhiteElo "2046"]
[BlackElo "2006"]
[WhiteFideId "5709040"]
[BlackFideId "22502785"]
[EventDate "2020.06.18"]

1. Nf3 e6 2. d4 f5 3. c4 Nf6 4. Nc3 d5 5. e3 c6 6. Bd2 Bd6 7. a3 O-O 8. Qc2 Ne4
9. c5 Bc7 10. b4 Qf6 11. Be2 Nd7 12. b5 e5 13. Rf1 exd4 14. exd4 Re8 15. O-O-O
Nxd2 16. Qxd2 Ba5 17. Kb2 Nxc5 18. dxc5 Bxc3+ 19. Qxc3 Rxe2+ 20. Kb3 Qxc3+ 21.
Kxc3 Re4 22. Rfe1 Be6 23. Nd4 Bd7 24. bxc6 bxc6 25. Rxe4 fxe4 26. Rb1 Be8 27.
Rb7 h6 28. a4 Kh7 29. Ne6 Kg6 30. a5 Kf6 31. Nd4 Ke5 32. a6 Kf4 33. Rxg7 e3 34.
fxe3+ Kxe3 35. Re7+ Kf4 36. Ne6+ Kf5 37. Nc7 Rc8 38. Nxe8 d4+ 39. Kxd4 Kg4 40.
Nd6 Rf8 41. Rxa7 Rf2 42. Rg7+ Kh5 43. a7 Ra2 44. Nc8 Ra4+ 45. Kc3 Ra5 46. Kb4
Ra1 47. Nb6 Rxa7 48. Rxa7 Kh4 49. Ra3 h5 50. Kc4 Kg4 51. Kd4 Kh4 52. h3 Kg5 53.
Ke4 Kh4 54. Rf3 Kg5 55. g3 h4 56. g4 Kg6 57. Rf5 Kg7 58. Ke5 Kg6 59. Ke6 Kg7 60.
Rg5+ Kh6 61. Kf6 Kh7 62. Kf7 Kh6 63. Rf5 Kh7 64. Rh5# 1-0

[Event "Women's Speed Chess Q1"]
[Site "chess.com INT"]
[Date "2020.06.18"]
[Round "4"]
[White "Lahav, Michal"]
[Black "Vantika, Agrawal"]
[Result "1/2-1/2"]
[WhiteTitle "WIM"]
[BlackTitle "WIM"]
[WhiteElo "2219"]
[BlackElo "2286"]
[WhiteFideId "2813742"]
[BlackFideId "25050389"]
[EventDate "2020.06.18"]

1. d4 Nf6 2. Bf4 g6 3. Nc3 d5 4. Nf3 Bg7 5. h4 h5 6. e3 c6 7. Bd3 Nbd7 8. Ne5
Nxe5 9. Bxe5 O-O 10. Ne2 Ng4 11. Bxg7 Kxg7 12. Ng3 e5 13. dxe5 Nxe5 14. Be2 Bg4
15. Qd4 Qf6 16. O-O-O Bxe2 17. Nxe2 Rfd8 18. f3 b6 19. Qf4 Nc4 20. Qxf6+ Kxf6
21. Rd3 Re8 22. e4 dxe4 23. fxe4 Rxe4 24. Rf1+ Kg7 25. Nc3 Re7 26. Rd4 Ne3 27.
Re1 Rae8 28. Rd6 c5 29. g3 Nf5 30. Rxe7 Rxe7 31. Rd3 Re1+ 32. Kd2 Rg1 33. Ne2
Rg2 34. Ke1 Rh2 35. Ra3 a5 36. Rb3 a4 37. Rxb6 Ne3 38. c3 Rh1+ 39. Kf2 Ng4+ 40.
Kg2 Re1 41. Nf4 Rb1 42. Rb7 a3 43. b3 Rb2+ 44. Kf3 Rxa2 45. Ne6+ Kf6 46. Nxc5
Rf2+ 47. Ke4 a2 48. Ra7 Re2+ 49. Kd3 Rg2 50. Kd4 Kg7 51. Ne6+ Kf6 52. Nc5 Nh2
53. Ne4+ Kg7 54. Ng5 Rf2 55. Ne4 Rb2 56. Ng5 Rf2 57. Ne4 Re2 58. Ng5 Rf2 1/2-1/2

[Event "Women's Speed Chess Q1"]
[Site "chess.com INT"]
[Date "2020.06.18"]
[Round "4"]
[White "Aakanksha, Hagawane"]
[Black "Zhuravleva, Olga"]
[Result "1/2-1/2"]
[WhiteTitle "WIM"]
[BlackTitle "WIM"]
[WhiteElo "2238"]
[BlackElo "2278"]
[WhiteFideId "25014510"]
[BlackFideId "4145933"]
[EventDate "2020.06.18"]

1. e4 e5 2. Bc4 Nf6 3. d3 Nc6 4. Nc3 Be7 5. f4 d6 6. Nf3 Bg4 7. f5 Nd4 8. Be3
Bxf3 9. gxf3 c6 10. Bxd4 exd4 11. Ne2 Qb6 12. Bb3 Nd7 13. Ng3 h5 14. Qe2 h4 15.
Nf1 Bg5 16. Nd2 Qa5 17. O-O-O Ne5 18. Kb1 Bxd2 19. Rxd2 Nxf3 20. Rdd1 Ne5 21.
Rhg1 Rh7 22. Qf2 Qb6 23. Rg2 O-O-O 24. Rdg1 g6 25. fxg6 fxg6 26. Qe2 Kb8 27. a3
Rf8 28. Rf2 Rhh8 29. Rgf1 Qd8 30. h3 Qe7 31. Rf4 Rxf4 32. Rxf4 Rf8 33. Qf2 Rxf4
34. Qxf4 a6 35. Qf2 c5 36. Bd5 Ka7 37. Qf4 g5 38. Qf5 g4 39. hxg4 h3 40. Qh5 h2
41. Qxh2 Nxg4 42. Qh3 Ne5 43. Qh5 Kb6 44. Qh8 Ka7 45. Qc8 Kb6 46. Qf5 Qd7 47.
Qf6 Qh7 48. Qxd6+ Nc6 49. Bxc6 bxc6 50. Qb8+ Ka5 51. Ka2 Qf7+ 52. Qb3 Qc7 53.
Qc4 Qd6 54. c3 Kb6 55. b4 dxc3 56. Qxc3 Qe6+ 57. Qc4 Qe5 58. Qxc5+ Qxc5 59.
bxc5+ Kxc5 60. Kb3 Kd4 61. Kb4 c5+ 62. Kb3 Kxd3 63. e5 c4+ 64. Kb4 c3 65. e6 c2
66. e7 c1=Q 67. e8=Q Qc4+ 68. Ka5 Qc5+ 69. Kxa6 Qxa3+ 70. Kb6 Qb3+ 71. Kc7 Qc4+
72. Kd6 Qd4+ 73. Kc7 Qc4+ 74. Kd6 Qd4+ 75. Kc7 Qc4+ 1/2-1/2

[Event "Women's Speed Chess Q1"]
[Site "chess.com INT"]
[Date "2020.06.18"]
[Round "4"]
[White "Shvedova, Alexandra"]
[Black "Gvanceladze, Anna"]
[Result "0-1"]
[WhiteTitle "WFM"]
[BlackTitle "WFM"]
[WhiteElo "1994"]
[BlackElo "2254"]
[WhiteFideId "54154782"]
[BlackFideId "4113721"]
[EventDate "2020.06.18"]

1. e4 c6 2. d4 d5 3. Nc3 dxe4 4. Nxe4 Bf5 5. Ng3 Bg6 6. Nf3 e6 7. Bd3 Nd7 8. c4
Ngf6 9. O-O Qc7 10. b3 Bd6 11. Bb2 a5 12. Rc1 a4 13. Re1 Bxd3 14. Qxd3 O-O 15.
Ra1 a3 16. Bc3 b5 17. c5 Be7 18. Bd2 Rfd8 19. Qc2 Nd5 20. Ne4 N7f6 21. h3 Ra7
22. Rad1 Qc8 23. Nxf6+ Bxf6 24. Bg5 Bxg5 25. Nxg5 Nf6 26. Re3 h6 27. Ne4 Nxe4
28. Qxe4 Rad7 29. Rg3 Rd5 30. h4 h5 31. Qf4 Qd7 32. Qf6 g6 33. Qf3 Rxc5 34. Rd3
Rf5 35. Qe2 Rd5 36. Kh2 Rxd4 37. Rxd4 Qxd4 38. Qxh5 Qf6 39. Qf3 Qxf3 40. Rxf3
Rd2 41. Rc3 Rxa2 42. Rxc6 Rb2 43. Ra6 Rxb3 44. g4 b4 45. f4 Rb2+ 46. Kg3 a2 47.
h5 gxh5 48. gxh5 b3 49. Kg4 Rb1 50. Kg5 a1=Q 51. Rxa1 Rxa1 52. f5 Rg1+ 53. Kf6
Rf1 54. h6 Rxf5+ 55. Ke7 Rh5 56. h7+ Rxh7 57. Ke8 b2 58. Ke7 b1=Q 59. Kf6 Qf5+
60. Ke7 f6+ 61. Ke8 Qb5+ 62. Kd8 Qb8# 0-1

[Event "Women's Speed Chess Q1"]
[Site "chess.com INT"]
[Date "2020.06.18"]
[Round "4"]
[White "Kirchei, Viktoriia"]
[Black "Sliwicka, Alicja"]
[Result "1/2-1/2"]
[WhiteTitle "WFM"]
[BlackTitle "WIM"]
[WhiteElo "2207"]
[BlackElo "2317"]
[WhiteFideId "34133396"]
[BlackFideId "1150677"]
[EventDate "2020.06.18"]

1. e4 c5 2. Nf3 d6 3. d4 cxd4 4. Qxd4 Nf6 5. Bb5+ Bd7 6. c4 a6 7. Bxd7+ Qxd7 8.
Nc3 Nc6 9. Qd3 g6 10. O-O Bg7 11. h3 O-O 12. Be3 Rac8 13. Rfd1 Nb4 14. Qe2 b5
15. c5 Qb7 16. cxd6 exd6 17. Rd4 Nc6 18. Rxd6 Rfe8 19. Bg5 Nxe4 20. Nxe4 Nb4 21.
Re1 f5 22. Nf6+ Bxf6 23. Qxe8+ Rxe8 24. Rxe8+ Kf7 25. Ree6 Bxg5 26. Nxg5+ Kg7
27. Rd4 Nc6 28. Rd2 h6 29. Red6 Ne5 30. Ne6+ Kh7 31. Rd7+ Qxd7 32. Rxd7+ Nxd7
33. Nc7 a5 34. Nxb5 Kg7 35. Kf1 Kf6 36. Ke2 Ke5 37. b3 Ke4 38. a3 Nc5 39. b4
axb4 40. axb4 Na6 41. Nd6+ Kd5 42. b5 Nc7 43. Nf7 Nxb5 44. Nxh6 Ke5 45. Nf7+ Kf6
46. Nd8 Nd4+ 47. Ke3 Nb5 48. Nc6 Nd6 49. Nd4 Nc4+ 50. Kf3 g5 51. g3 Ne5+ 52. Kg2
Nd3 53. Ne2 Ne5 54. h4 gxh4 55. gxh4 Nd3 56. Kg3 Ne5 57. Nf4 Nf7 58. Nh3 Ne5 59.
h5 Nd3 60. f3 Nc5 61. Kh4 Ne6 62. Kg3 Nc5 63. Nf4 Kg5 64. Nh3+ Kxh5 65. Kf4 Kg6
66. Nf2 Ne6+ 67. Kg3 Kf6 68. f4 Ke7 69. Nh3 Kf6 70. Kf3 Nd4+ 71. Ke3 Ne6 72. Kf3
Nd4+ 73. Ke3 Ne6 74. Kf3 1/2-1/2

[Event "Women's Speed Chess Q1"]
[Site "chess.com INT"]
[Date "2020.06.18"]
[Round "4"]
[White "Kashlinskaya, Alina"]
[Black "Demchenko, Svitlana"]
[Result "1-0"]
[WhiteTitle "IM"]
[BlackTitle "WIM"]
[WhiteElo "2494"]
[BlackElo "2071"]
[WhiteFideId "4198026"]
[BlackFideId "14149893"]
[EventDate "2020.06.18"]

1. d4 Nf6 2. c4 g6 3. Nc3 Bg7 4. e4 d6 5. h3 O-O 6. Be3 e5 7. d5 a5 8. g4 Na6 9.
Qd2 Nc5 10. f3 c6 11. Nge2 cxd5 12. cxd5 Bd7 13. Ng3 Rb8 14. h4 b5 15. h5 b4 16.
Nd1 Ne8 17. Bc4 Qe7 18. hxg6 fxg6 19. Bxc5 Rxf3 20. Bf2 Bxg4 21. Be2 Rf4 22.
Bxg4 Rxg4 23. Ne3 Rf4 24. Ng2 Rf7 25. O-O-O Nc7 26. Kb1 Nb5 27. Ka1 a4 28. Be3
a3 29. b3 Nc3 30. Rdf1 Rbf8 31. Rxf7 Rxf7 32. Bg5 Qd7 33. Ne3 Rf3 34. Qg2 Qf7
35. Ngf5 gxf5 36. Qxf3 Nxe4 37. Rg1 Nxg5 38. Qxf5 h6 39. Qxf7+ Kxf7 40. Nf5 Bf8
41. Kb1 Kg6 42. Ng3 Be7 43. Kc2 Bd8 44. Kd3 Bb6 45. Rg2 Bd4 46. Rc2 Kf6 47. Ne4+
Nxe4 48. Kxe4 h5 49. Rc6 Bc5 50. Rc8 h4 51. Rg8 Kf7 52. Rg4 h3 53. Rh4 Kf6 54.
Rxh3 Ke7 55. Rh7+ Kf6 56. Rc7 Bd4 57. Rb7 Bc5 58. Rc7 Bd4 59. Rd7 Bc5 60. Rd8
Ke7 61. Rh8 Kf6 62. Rh6+ Ke7 63. Re6+ Kd7 64. Kf5 Bd4 65. Rh6 Bc5 66. Rh7+ Kc8
67. Ke6 Kb8 68. Kd7 Kb7 69. Kd8+ Kb6 70. Re7 Bd4 71. Kd7 Kc5 72. Ke6 Bc3 73.
Rc7+ Kd4 74. Kxd6 e4 75. Kc6 1-0

[Event "Women's Speed Chess Q1"]
[Site "chess.com INT"]
[Date "2020.06.18"]
[Round "4"]
[White "Padmini, Rout"]
[Black "Michelle Catherina, P"]
[Result "0-1"]
[WhiteTitle "IM"]
[BlackTitle "WIM"]
[WhiteElo "2370"]
[BlackElo "2176"]
[WhiteFideId "5029295"]
[BlackFideId "5005736"]
[EventDate "2020.06.18"]

1. e4 e5 2. Nf3 Nc6 3. Nc3 Nf6 4. Bb5 Bb4 5. O-O O-O 6. Bxc6 dxc6 7. d3 Re8 8.
Ne2 Bf8 9. Ng3 g6 10. Bd2 Bg7 11. Bc3 Nd7 12. d4 exd4 13. Bxd4 Nf6 14. h3 Nxe4
15. Nxe4 Rxe4 16. Bxg7 Qxd1 17. Rfxd1 Kxg7 18. Rd8 b6 19. Rad1 Re7 20. a4 c5 21.
Nh2 Bb7 22. Ng4 Rxd8 23. Rxd8 Bc6 24. b3 Re1+ 25. Kh2 Re2 26. Rc8 h5 27. Rxc7
hxg4 28. Rxc6 gxh3 29. Kxh3 Rxf2 30. Rc7 Rxc2 31. Rxa7 Rc3+ 32. g3 Rxb3 33. a5
bxa5 34. Rxa5 Rc3 35. Ra6 Rc4 36. Rc6 g5 37. g4 f6 38. Rc7+ Kg6 39. Kg3 Rc3+ 40.
Kg2 c4 41. Kf2 Rc1 42. Ke3 c3 43. Kd3 Rg1 44. Rc4 Rg3+ 45. Kc2 Kf7 46. Rc7+ Ke6
47. Rc6+ Ke5 48. Rc5+ Kd4 49. Rf5 Rg2+ 50. Kc1 Rxg4 51. Rxf6 Rf4 52. Rd6+ Ke3
53. Kc2 Rc4 54. Re6+ Kf4 55. Rf6+ Kg3 56. Rg6 g4 57. Rg8 Rc7 58. Rg5 Kf4 59. Rg8
g3 60. Rf8+ Ke3 61. Re8+ Kf2 62. Rf8+ Kg1 63. Rg8 g2 64. Rg6 Rc4 65. Rg8 Kf2 66.
Rf8+ Kg3 67. Rg8+ Rg4 68. Rxg4+ Kxg4 69. Kxc3 g1=Q 70. Kc4 Qd1 71. Kc3 Kf4 72.
Kb2 Ke3 73. Ka2 Qc1 74. Kb3 Kd3 75. Ka2 Kd4 76. Kb3 Qc3+ 77. Ka2 Qb4 78. Ka1 Kc3
79. Ka2 Qb2# 0-1

[Event "Women's Speed Chess Q1"]
[Site "chess.com INT"]
[Date "2020.06.18"]
[Round "4"]
[White "Shuvalova, Polina"]
[Black "Muminova, Nafisa"]
[Result "1-0"]
[WhiteTitle "WGM"]
[BlackTitle "WGM"]
[WhiteElo "2454"]
[BlackElo "2274"]
[WhiteFideId "24171760"]
[BlackFideId "14201526"]
[EventDate "2020.06.18"]

1. e4 e6 2. d4 d5 3. Nd2 c5 4. exd5 Qxd5 5. Ngf3 cxd4 6. Bc4 Qd7 7. O-O Nc6 8.
Nb3 Nf6 9. Nbxd4 Nxd4 10. Nxd4 a6 11. Re1 Bd6 12. Nf5 Bf8 13. Bg5 b5 14. Bb3 Bb7
15. Bxf6 gxf6 16. Qxd7+ Kxd7 17. Rad1+ Kc7 18. Ng3 Rg8 19. f3 f5 20. Kf1 Bd6 21.
Kf2 Rad8 22. a3 Bc5+ 23. Kf1 a5 24. c3 Bd6 25. Kf2 Ba6 26. Ne2 h5 27. g3 h4 28.
f4 hxg3+ 29. hxg3 Rh8 30. Rh1 Bc5+ 31. Nd4 Bb7 32. Rxh8 Rxh8 33. Rd2 Rh2+ 34.
Ke3 Rh3 35. Kf2 Rh1 36. Bd1 Rh2+ 37. Ke3 Rh3 38. Kf2 f6 39. Bf3 e5 40. Bxb7 Kxb7
41. Kg2 Rh5 42. fxe5 fxe5 43. Nxb5 Kc6 44. a4 f4 45. gxf4 exf4 46. Kf3 Be3 47.
Re2 Rh3+ 48. Ke4 Rh5 49. Nd4+ Kc5 50. Rg2 Rh7 51. Rg5+ Kc4 52. Rxa5 Re7+ 53. Kf3
Kd3 54. Nf5 Re8 55. Rd5+ Kc2 56. a5 Bc1 57. b4 Re1 58. b5 Rf1+ 59. Kg4 f3 60.
Ng3 Rf2 61. Rf5 Rg2 62. Rxf3 Bd2 63. a6 Bxc3 64. a7 Bd4 65. a8=Q Bb6 66. Qe4+
Kc1 67. Qc6+ Rc2 68. Qxb6 Rc4+ 69. Rf4 Rc3 70. Qg1+ Kb2 71. Rf2+ Kb3 72. Qb1+
Kc4 73. Rf4+ Kc5 74. Qf5+ Kb6 75. Qf6+ Ka5 76. Qxc3+ Kxb5 77. Rf5+ Kb6 78. Qf6+
Kb7 79. Qg7+ Kc6 80. Qg6+ Kd7 81. Rf7+ Kd8 82. Qg8# 1-0

[Event "Women's Speed Chess Q1"]
[Site "chess.com INT"]
[Date "2020.06.18"]
[Round "4"]
[White "Shukhman, Anna"]
[Black "Sim, Jia Ru"]
[Result "0-1"]
[WhiteTitle "WCM"]
[BlackTitle "WCM"]
[WhiteElo "1866"]
[BlackElo "2005"]
[WhiteFideId "54180058"]
[BlackFideId "5716110"]
[EventDate "2020.06.18"]

1. e4 c5 2. Nf3 e6 3. d4 cxd4 4. Nxd4 Nc6 5. Nc3 a6 6. Be3 Qc7 7. Be2 Nf6 8. O-O
b5 9. a3 Bb7 10. f3 Be7 11. Nb3 O-O 12. Qd2 Rad8 13. Rad1 d5 14. exd5 Nxd5 15.
Nxd5 exd5 16. Nd4 Bc5 17. c3 Rfe8 18. Bf2 Ne5 19. Rfe1 Nc4 20. Qc1 Bd6 21. g3
Be5 22. Bd3 g6 23. Re2 Nd6 24. Qh6 Bg7 25. Qd2 Rxe2 26. Bxe2 Nc4 27. Qc1 Re8 28.
Bf1 Qd6 29. Nb3 Qf6 30. Bg2 Ne5 31. Nd4 Rc8 32. Re1 Qd6 33. Qf4 Qc7 34. Bh3 Rd8
35. g4 h6 36. Bg3 f6 37. Ne6 Qb6+ 38. Nd4 Nd3 39. Qe3 Nxe1 40. Qxe1 Bc6 41. Qe6+
Kh8 42. Qxc6 Qxc6 43. Nxc6 Rc8 44. Nd4 Re8 45. Bf1 Bf8 46. Bd3 Kg7 47. Kf2 Bc5
48. h4 g5 49. hxg5 hxg5 50. Kg2 Bxd4 51. cxd4 Rc8 52. Kf2 Rc1 53. f4 Ra1 54.
fxg5 fxg5 55. Be5+ Kf7 56. Be2 Ra2 57. Bf3 Ke6 58. Ke3 Rxb2 59. Be2 Rb3+ 60. Bd3
Rxa3 61. Bc7 a5 62. Kd2 b4 63. Kc2 a4 64. Ba5 Rc3+ 65. Kd2 Rb3 66. Bc2 Rb2 67.
Kc1 a3 68. Bd3 b3 69. Bc3 Rg2 70. Bf5+ Kd6 71. Bb4+ Kc6 72. Bxa3 Rg1+ 73. Kb2
Rd1 0-1

[Event "Women's Speed Chess Q1"]
[Site "chess.com INT"]
[Date "2020.06.18"]
[Round "4"]
[White "Antova, Gabriela"]
[Black "Cori T., Deysi"]
[Result "1-0"]
[WhiteTitle "FM"]
[BlackTitle "WGM"]
[WhiteElo "2255"]
[BlackElo "2388"]
[WhiteFideId "2915235"]
[BlackFideId "3801934"]
[EventDate "2020.06.18"]

1. e4 d5 2. exd5 Qxd5 3. Nc3 Qd6 4. d4 Nf6 5. Nf3 a6 6. g3 Bg4 7. Bg2 Nc6 8. O-O
O-O-O 9. d5 Ne5 10. Bf4 Nxf3+ 11. Bxf3 Bxf3 12. Qxf3 e5 13. dxe6 Qxe6 14. Rfe1
Qf5 15. Ne4 Nd5 16. Ng5 Bd6 17. Bd2 Qxf3 18. Nxf3 h6 19. a3 Rhe8 20. c4 Nf6 21.
Bc3 Bc5 22. Bxf6 gxf6 23. Rxe8 Rxe8 24. Re1 Rd8 25. b4 Bf8 26. Re3 a5 27. c5
axb4 28. axb4 Rd1+ 29. Kg2 Kd7 30. Nh4 b6 31. cxb6 cxb6 32. b5 Rd5 33. Rb3 Kd6
34. g4 Kc5 35. Nf5 h5 36. f3 hxg4 37. fxg4 Rd2+ 38. Kg3 Kc4 39. Rb1 Bc5 40. h4
Bf2+ 41. Kf3 Bc5 42. h5 Rh2 43. Kg3 Rd2 44. h6 Rd8 45. Rf1 Kxb5 46. Ng7 Bd6+ 47.
Kh4 Be5 48. Kh5 Rh8 49. Rd1 Kc4 50. Rd7 b5 51. Rxf7 b4 52. Rb7 b3 53. Nf5 b2 54.
Kg6 Kd3 55. h7 Kc2 56. Kg7 Rxh7+ 57. Kxh7 b1=Q 58. Rxb1 Kxb1 59. Kg6 Kc2 60. Ng7
Kd3 61. Nh5 Ke4 62. Nxf6+ Kf4 63. g5 Bb2 64. Nh5+ Kg4 65. Nf6+ Kh4 66. Kf5 Bc1
67. g6 Bh6 68. Ng8 Bg7 69. Ke6 Kg5 70. Kf7 Be5 71. Ne7 Kh6 72. Nf5+ Kg5 73. Ne3
Kh6 74. Nf5+ Kg5 75. Ng3 Ba1 76. Ne4+ Kh6 77. Nf6 Kg5 78. g7 Bxf6 79. g8=Q+ Kf5
80. Qg6+ Kf4 81. Qxf6+ Ke4 82. Ke6 Kd3 83. Qf5+ Kc4 84. Qe5 Kd3 85. Qf4 Kc3 86.
Qe4 Kb3 87. Kd5 Kc3 88. Qd4+ Kb3 89. Qc4+ Kb2 90. Qd3 Ka2 91. Kc4 Kb2 92. Qc3+
Ka2 93. Qd2+ Kb1 94. Kb3 Ka1 95. Qb2# 1-0